Open plan flat layouts (Record no. 110513)

MARC details
000 -LEADER
fixed length control field 01152cad a22002535a 4500
001 - CONTROL NUMBER
control field E149497
008 - FIXED-LENGTH DATA ELEMENTS--GENERAL INFORMATION
fixed length control field 100308s2009 xxko f 000 0 eng d
020 ## - INTERNATIONAL STANDARD BOOK NUMBER
International Standard Book Number 9781848060968
035 ## - SYSTEM CONTROL NUMBER
System control number (Sirsi) u149497
041 0# - LANGUAGE CODE
Language code of text/sound track or separate title eng
050 04 - LIBRARY OF CONGRESS CALL NUMBER
Classification number 693.82 $2 18
100 1# - MAIN ENTRY--PERSONAL NAME
Personal name Fraser-Mitchell, Jeremy
Titles and words associated with a name Dr
245 00 - TITLE STATEMENT
Title Open plan flat layouts
Remainder of title assessing life safety in the event of fire
Medium [electronic resource]
260 ## - PUBLICATION, DISTRIBUTION, ETC.
Place of publication, distribution, etc. Amersham
Name of publisher, distributor, etc. NHBC Foundation
Date of publication, distribution, etc. 2009
300 ## - PHYSICAL DESCRIPTION
Extent viii, 76p.
Other physical details ill.
Dimensions 30cm.
490 #0 - SERIES STATEMENT
Series statement NF
Volume/sequential designation 19
520 ## - SUMMARY, ETC.
Summary, etc. Discusses current requirements for fire safety in open plan flats with "inner rooms", and how to meet these standards with various fire safety systems. Suggests that sprinkler systems, used with enhanced fire detection systems, can help open plan flats to achieve good safety levels.
521 2# - TARGET AUDIENCE NOTE
Target audience note Advanced
651 #4 - SUBJECT ADDED ENTRY--GEOGRAPHIC NAME
Geographic name United Kingdom
Chronological subdivision
690 ## - LOCAL SUBJECT ADDED ENTRY--TOPICAL TERM (OCLC, RLIN)
Topical term or geographic name as entry element MANAGEMENT-HEALTH AND SAFETY-FIRE SAFETY
700 1# - ADDED ENTRY--PERSONAL NAME
Personal name Williams, Corinne
856 40 - ELECTRONIC LOCATION AND ACCESS
Uniform Resource Identifier <a href="https://www.nhbcfoundation.org/Researchpublications/Openplanflatlayout/tabid/394/language/en-GB/Default.aspx">https://www.nhbcfoundation.org/Researchpublications/Openplanflatlayout/tabid/394/language/en-GB/Default.aspx</a>
Public note View the report free of charge at www.nhbcfoundation.org
942 ## - ADDED ENTRY ELEMENTS (KOHA)
Suppress in OPAC 0
Holdings
Withdrawn status Lost status Source of classification or shelving scheme Damaged status Not for loan Home library Current library Shelving location Date acquired Total Checkouts Full call number Barcode Date last seen Copy number Price effective from Koha item type
    Dewey Decimal Classification     Virtual Virtual Online 10/03/2010   ONLINE PUBLICATION 149497-2001 06/08/2019 1 06/08/2019 Book